|
|
|
|
| LEADER |
01264nam a22002657a 4500 |
| 001 |
32486 |
| 003 |
BD-DhAAL |
| 005 |
20240923141627.0 |
| 008 |
171130t2003 bg a|||| |||| 00| 0 eng d |
| 040 |
|
|
|a BD-DhAAL
|c BD-DhAAL
|
| 082 |
|
|
|a 306.095492
|2 22
|
| 245 |
|
|
|a Research reports.
|p (2003) :
|b social studies.
|n Volume XXXI.
|
| 264 |
|
|
|a Dhaka :
|b Research and Evaluation Division, BRAC,
|c 2003.
|
| 300 |
|
|
|a 278 pages :
|b illustrations ;
|c 30 cm.
|
| 362 |
|
|
|a Vol. 31
|
| 504 |
|
|
|a Includes bibliographical references.
|
| 541 |
|
|
|a Complementary copy from BRAC
|e 32486, 42846
|
| 610 |
|
|
|a BRAC.
|9 14405
|
| 651 |
|
|
|a Bangladesh
|x Social condition.
|9 24143
|
| 710 |
|
|
|a BRAC.
|b Research and Evaluation Division.
|9 14405
|
| 852 |
|
|
|a Ayesha Abed Library
|c BRAC Resource Section
|
| 942 |
|
|
|2 ddc
|c BK
|
| 999 |
|
|
|c 38795
|d 38795
|
| 952 |
|
|
|0 0
|1 0
|2 ddc
|4 0
|6 306_095492000000000_RES
|7 1
|8 RPT
|9 62257
|a BRACUL
|b BRACUL
|c BRS
|d 2024-11-10
|e BRAC
|l 0
|o 306.095492 RES
|p 3010032486
|r 2017-12-10
|t 2
|y BK
|x BRAC; Price not available in register.
|
| 952 |
|
|
|0 0
|1 0
|2 ddc
|4 0
|6 306_095492000000000_RES
|7 1
|8 RPT
|9 75941
|a BRACUL
|b BRACUL
|c BRS
|d 2024-08-01
|e Complementary copy from BRAC
|l 0
|o 306.095492 RES
|p 3010042846
|r 2024-08-01
|t 1
|w 2017-12-10
|y BK
|x Complementary copy from BRAC; Price not available in register.
|